000 02107nam a2200385 i 4500
999 _c3870
_d3870
001 ocm02178231
003 IlBcCP
005 20241113100650.0
008 201007s2020 nyua j 6 000 1 eng d
020 _a9781338677430
040 _beng
_dCaOL
_erda
_cKH8
082 _aFIC DAH
100 1 _aDahl, Roald,
_eauthor.
245 1 4 _aThe witches :
_bthe graphic novel /
_cRoald Dahl ; adapted and illustrated by Penelope Bagieu ; translated from the French by Montana Kane.
250 _aEnglish edition.
264 1 _aNew York :
_bScholastic, Incorporated,
_c[2020]
264 4 _c©2020.
300 _a296 pages :
_bchiefly colour illustrations ;
_c23 cm.
336 _atext
_2rdacontent.
336 _astill image
_2rdacontent.
337 _aunmediated
_2rdamedia.
338 _avolume
_2rdacarrier.
500 _aOriginally published: France : Gallimard Bande Dessinee, 2020, under title: Sacrees Sorcieres--Copyright information page.
520 _aWitches are real, and they are very, very dangerous. They wear ordinary clothes and have ordinary jobs, living in ordinary towns all across the world - and there's nothing they despise more than children. When an eight-year-old boy and his grandmother come face-to-face with the Grand High Witch herself, they may be the only ones who can stop the witches' latest plot to stamp out every last child in the country! This full-color graphic novel edition of Roald Dahl's The Witches , adapted and illustrated by Eisner Award-winner Penelope Bagieu, is the first-ever Dahl story to appear in this format. Graphic novel readers and Roald Dahl fans alike will relish this dynamic new take on a uniquely funny tale.
546 _aTranslated from the French.
650 0 _aGrandmothers
_vJuvenile fiction.
650 0 _aGrandparent and child
_vJuvenile fiction.
650 0 _aMice
_vJuvenile fiction.
650 0 _aWitches
_vJuvenile fiction.
650 0 _aGraphic novels.
_2genre.
650 0 _aGraphic novel adaptations.
_2genre.
650 0 _aFantasy comics.
_2genre.
700 _aBagieu, Penelope,
_eillustrator,
_eadaptor.
942 _2ddc
_cGN